| 000 | 00551nam a2200169 a 4500 | ||
|---|---|---|---|
| 001 | 000028225 | ||
| 005 | 20240301134917.0 | ||
| 008 | 110407s1972 dr 000 | spa d | ||
| 040 |
_aDO-SdBNP _bspa _cBNPHU |
||
| 082 |
_axxx _bH557e |
||
| 100 | 1 |
_aHernández Disla, Pablo María, _d1942- _911 |
|
| 245 | 1 | 3 |
_aLa experimentación y la práctica pedagógica / _cPablo María Hernández Disla. |
| 260 |
_aSanto Domingo : _bUniversidad Autónoma de Santo Domingo, _c1972. |
||
| 300 |
_a27 p. ; _c21 cm. |
||
| 504 | _aIncluye bibliografía. | ||
| 049 | _aBNPD | ||
| 999 |
_c27717 _d27717 |
||